Inventarium seu repertorium ... in quattuor collectoriis ... super quattuor libros sententiarum Gabrielis Byel / 3

Saved in:  
Bibliographic Details
Main Author: Biel, Gabriel 1418-1495 (Author)
Format: Print Book
Language:Latin
Subito Delivery Service: Order now.
Check availability: HBZ Gateway
WorldCat: WorldCat
Interlibrary Loan:Interlibrary Loan for the Fachinformationsdienste (Specialized Information Services in Germany)
Published: Lugduni Cleyn [1514]
In: Inventarium seu repertorium ... in quattuor collectoriis ... super quattuor libros sententiarum Gabrielis Byel
Year: 1514

MARC

LEADER 00000cam a22000002cc4500
001 1090634455
003 DE-627
005 20240425203342.0
007 tu
008 900605s1514 xx ||||| 00| ||lat c
035 |a (DE-627)1090634455 
035 |a (DE-576)020634455 
035 |a (DE-599)BSZ020634455 
035 |a (OCoLC)311264605 
040 |a DE-627  |b ger  |c DE-627  |e rakwb 
041 |a lat 
084 |a 1  |2 ssgn 
100 1 |0 (DE-588)118510703  |0 (DE-627)138919682  |0 (DE-576)160290058  |4 aut  |a Biel, Gabriel  |d 1418-1495 
109 |a Biel, Gabriel 1418-1495  |a Gabrielis Biel 1418-1495  |a Byell, Gabriel 1418-1495  |a Biel, Gabriele 1418-1495  |a Byhel, Gabriel 1418-1495  |a Bila, Gabriel 1418-1495  |a Gabriel Biel 1418-1495  |a Byel, Gabriel 1418-1495  |a Gabrielis Spirensis 1418-1495  |a Beiel, Gabriel 1418-1495  |a Gabriel aus Speyer 1418-1495 
245 1 0 |a Inventarium seu repertorium ... in quattuor collectoriis ... super quattuor libros sententiarum Gabrielis Byel  |n 3 
264 1 |a Lugduni  |b Cleyn  |c [1514] 
300 |a [99] Bl. 
336 |a Text  |b txt  |2 rdacontent 
337 |a ohne Hilfsmittel zu benutzen  |b n  |2 rdamedia 
338 |a Band  |b nc  |2 rdacarrier 
500 |a Vorlageform des Erscheinungsvermerks im Kolophon: In famatissimo Lugdunen[si] emporio opera et industria probi viri Johannis cleyn alemanni impressum. 
583 1 |a Archivierung/Langzeitarchivierung gewährleistet  |f SSG  |x XA-DE-BW  |2 pdager  |5 DE-21 
751 |a Lyon  |0 (DE-588)4036770-8  |0 (DE-627)106240978  |0 (DE-576)209020296  |4 pup 
773 1 8 |a Inventarium seu repertorium ... in quattuor collectoriis ... super quattuor libros sententiarum Gabrielis Byel  |w (DE-627)1090633742  |w (DE-576)020633742  |g 3  |q 3  |7 nnam 
935 |a mteo 
951 |a MV 
ELC |b 1 
ITA |a 1  |t 1 
LOK |0 000 xxxxxcx a22 zn 4500 
LOK |0 001 2145783679 
LOK |0 003 DE-627 
LOK |0 004 1090634455 
LOK |0 005 20130413100508 
LOK |0 008 901023||||||||||||||||ger||||||| 
LOK |0 040   |a DE-21  |c DE-627  |d DE-21 
LOK |0 852   |a DE-21 
LOK |0 852 1  |c Gb 479.2-3  |9 00 
LOK |0 935   |a aber  |a theo 
LOK |0 939   |a 23-10-90  |b l01 
ORI |a SA-MARC-ixtheoa001.raw